| 000 | 01253nam a2200325Ia 4500 | ||
|---|---|---|---|
| 001 | ebr10171523 | ||
| 003 | CaPaEBR | ||
| 006 | m u | ||
| 007 | cr cn||||||||| | ||
| 008 | 060614s2007 nyu sb 001 0 eng d | ||
| 010 | _z 2006048567 | ||
| 020 | _z1403975833 (alk. paper) | ||
| 040 |
_aCaPaEBR _cCaPaEBR |
||
| 035 | _a(OCoLC)320323481 | ||
| 050 | 1 | 4 |
_aHM671 _b.C47 2007eb |
| 082 | 0 | 4 |
_a303.3/72 _222 |
| 245 | 0 | 0 |
_aChallenges and paths to global justice _h[electronic resource] : _binsights from scholars and practitioners / _cedited by H. Richard Friman. |
| 260 |
_aNew York : _bPalgrave Macmillan, _c2007. |
||
| 300 | _aviii, 185 p. | ||
| 504 | _aIncludes bibliographical references and index. | ||
| 533 |
_aElectronic reproduction. _bPalo Alto, Calif. : _cebrary, _d2009. _nAvailable via World Wide Web. _nAccess may be limited to ebrary affiliated libraries. |
||
| 650 | 0 | _aSocial justice. | |
| 650 | 0 | _aHuman rights. | |
| 650 | 0 | _aGlobalization. | |
| 650 | 0 | _aPower (Social sciences) | |
| 655 | 7 |
_aElectronic books. _2local |
|
| 700 | 1 | _aFriman, H. Richard. | |
| 710 | 2 | _aebrary, Inc. | |
| 856 | 4 | 0 |
_uhttp://site.ebrary.com/lib/rucke/Doc?id=10171523 _zAn electronic book accessible through the World Wide Web; click to view |
| 999 |
_c248750 _d248750 |
||